|
|
|
|
| LEADER |
00000naa2a2200000 4500 |
| 001 |
244052 |
| 005 |
20240407064712.0 |
| 035 |
|
|
|a (RuTPU)RU\TPU\book\265414
|
| 035 |
|
|
|a RU\TPU\book\265413
|
| 090 |
|
|
|a 244052
|
| 100 |
|
|
|a 20131014d2011 k y0rusy50 ca
|
| 101 |
0 |
|
|a rus
|
| 102 |
|
|
|a RU
|
| 200 |
1 |
|
|a Динамический синтез ультрадисперсных кристаллических фаз системы C-N в гиперскоростной струе углеродной электроразрядной плазмы
|f А. Я. Пак
|
| 463 |
|
0 |
|0 (RuTPU)RU\TPU\book\250354
|t Сборник тезисов лауреатов Всероссийского конкурса научно-исследовательских работ студентов и аспирантов в области физических наук в рамках всероссийского фестиваля науки
|o г. Томск, 25 мая-5 сентября 2011 г.
|f Национальный исследовательский Томский политехнический университет (ТПУ) ; под ред. В. П. Кривобокова, А. П. Потылицына, А. С. Гоголева, К. А. Козина
|v С. 114-115
|d 2011
|p 252 с.
|
| 610 |
1 |
|
|a труды учёных ТПУ
|
| 610 |
1 |
|
|a динамический синтез
|
| 610 |
1 |
|
|a плазма
|
| 610 |
1 |
|
|a кристаллические фазы
|
| 610 |
1 |
|
|a ультрадисперсные материалы
|
| 610 |
1 |
|
|a гиперскоростные струи
|
| 610 |
1 |
|
|a нанодисперсные частицы
|
| 700 |
|
1 |
|a Пак
|b А. Я.
|c специалист в области электротехники
|c профессор Томского политехнического университета, доктор технических наук
|f 1986-
|g Александр Яковлевич
|y Томск
|3 (RuTPU)RU\TPU\pers\30051
|9 14481
|
| 801 |
|
1 |
|a RU
|b 63413507
|c 20131014
|
| 801 |
|
2 |
|a RU
|b 63413507
|c 20131014
|g RCR
|
| 942 |
|
|
|c BK
|